| 000 | 00380nam a2200145Ia 4500 | ||
|---|---|---|---|
| 008 | 221030s9999 xx 000 0 und d | ||
| 041 | _aEnglish | ||
| 082 | _a105.23 | ||
| 100 | _aA. D. Helfrick | ||
| 245 | 0 |
_aModern Electronic Instrumentation and Measurement Techniques _cby A. D. Helfrick, W. D. Cooper |
|
| 260 | _c0 | ||
| 650 | _aB | ||
| 700 | _aW. D. Cooper | ||
| 942 | _cBK | ||
| 999 |
_c11357 _d11357 |
||